Writs: Law and Practice

Saved in:
书目详细资料
主要作者: Mallick, M.R
格式: 图书
出版: New Delhi : Eastern Law House; c2000.
版:SI.ed.
主题:
标签: 添加标签
没有标签, 成为第一个标记此记录!

MARC

LEADER 00000nam a2200000 4500
005 20251006073645.0
020 |a 8171771130  |c TZS 10,000/= 
040 |a MCCL  |b eng.  |e AACR 2nd rev. ed. 
082 |a 340 MAL 
100 |a Mallick, M.R. 
245 |a Writs: Law and Practice  |c / M.R. Mallick 
250 |a SI.ed. 
260 |a New Delhi :  |b Eastern Law House;  |c c2000. 
300 |a [84},683 p.;  |c 22 cm. 
504 |a Include index 
650 |a Right to equality 
650 |a Right to freedom 
650 |a Freedom religion 
700 |a Mallick, M.R. 
942 |c BK 
999 |c 11948  |d 11948